| 000 | 00728nam a2200265Ia 4500 | ||
|---|---|---|---|
| 003 | OSt | ||
| 005 | 20220926034053.0 | ||
| 006 | a|||||r|||| 00| 0 | ||
| 007 | ta | ||
| 008 | 220923b |||||||| |||| 00| 0 eng d | ||
| 020 | _a0815731981 | ||
| 037 | _cGeneral Book | ||
| 040 |
_aRTL _cRTL _beng |
||
| 041 |
_2eng _aeng |
||
| 082 | _aX724, K4;L6 | ||
| 100 |
_aGoode Richard _9310892 |
||
| 245 | 0 | _aIndividual income tax | |
| 250 | _a2nd | ||
| 260 |
_aWashington _bBrooking Institution _c1976 |
||
| 300 |
_axiv, 248p. _ccm. |
||
| 490 | _aBrookings Institution studies of government finance | ||
| 650 | _aIncome Tax | ||
| 942 |
_hX724, K4;L6 _cGB _2CC |
||
| 999 |
_c658678 _d658678 |
||